| 000 | 00745nam a22002177a 4500 | ||
|---|---|---|---|
| 003 | DO-SdBNP | ||
| 005 | 20240305095107.0 | ||
| 007 | ta | ||
| 008 | 220617b1989 dr da||| |||| 00| 0 spa d | ||
| 040 |
_aDO-SdBNP _bspa _cBNPHU |
||
| 082 | 4 |
_a330.97293 _bS113e, 1989 _222 |
|
| 245 | 0 | 0 |
_aSábado económico : _bnúmeros 1-52 / _ceditor Andrés Dauhajre |
| 260 |
_aSanto Domingo : _bFundación Economía y Desarrollo, _c1989. |
||
| 300 |
_a552 p. : _bil., gráfs. ; _c21 cm. |
||
| 590 | _aInventariado 2022 / BT | ||
| 651 | 4 |
_aRepública Dominicana _xCondiciones económicas _y1961- _97344 |
|
| 651 | 4 |
_aAmérica Latina _xPolítica económica _y1982- _981872 |
|
| 700 | 1 |
_aDauhajre, Andrés _eed. _qhijo _96000 |
|
| 910 | _aValidado MFF | ||
| 942 |
_2ddc _cLBS1 |
||
| 999 |
_c52059 _d52059 |
||